| 000 | 01887nam a2200349 c 4500 | ||
|---|---|---|---|
| 999 |
_c35104 _d35104 |
||
| 003 | BLK | ||
| 005 | 20230411101016.0 | ||
| 008 | 180408b bul|||||r ||||||| ||bul|| | ||
| 010 | _aKNG00037821000 | ||
| 040 | _aBLK | ||
| 041 |
_aBUL _cBUL |
||
| 080 |
_aМикробиология. Вж и 663 _b579 _x(092) _z579(092) |
||
| 080 |
_aМедицинска микробиология. Подразделя се с отношение (Табл. Іb) към съответните деления на 61 _b579.61 _z579.61 |
||
| 080 |
_aБиографии _b929 _z929 |
||
| 100 | 1 |
_aКрайф, Пол де _eпърви автор _983801 |
|
| 139 |
_aКрайф, Пол де _bК 88 |
||
| 245 | 1 | 0 |
_aЛовци на микроби _bБиогр. очерци _cПол де Крайф; прев. от англ. и предг. Светозар Златаров. |
| 250 | _a2. изд. | ||
| 257 | _aGBR | ||
| 260 |
_bНар. младеж _c1982 _fВ. Търново : Д. Найденов _aСофия |
||
| 300 |
_a335 с. _c20 см |
||
| 380 | _a5 | ||
| 490 |
_aПоредица Портрети _9204804 |
||
| 500 | _aОриг. загл. Mikrobe hunters. - 1. изд. 1967 в Библ. Парабола. Кн. за велики образи и идеи в науката. Кн. 2. - Съдържа материали за А. Льовенхук, Л. Спаланцани, Л. Пастьор, Р. Кох, Е. Ру, Е. Беринг, И. Мечников, Т. Смит, Д. Брюс, Р. Рос, Б. Граси, У. Рид, П. Ерлих. - 6 150 тир. | ||
| 650 | 4 |
_aМикробиология, медицинска _9162160 |
|
| 700 | 1 |
_aЗлатаров, Светозар _eпрев. от англ. и предг. _9364389 |
|
| 852 |
_aЦб 118177 _bЦб |
||
| 856 | 4 | _qpdf | |
| 856 | 4 | _qpdf | |
| 942 |
_cKNG _n0 _s1 |
||
| 944 |
_aCR _c04.01.2017 _kКина_Георгиева |
||
| 944 |
_aED _c04.01.2017 _kКина_Георгиева |
||
| 944 |
_aED _c2022-05-12 _kВП |
||
| 999 | _d35104 | ||